| 000 | 00000nam##2200000za#4500 |
| 001 | 9.519787 |
| 003 | CaOODSP |
| 005 | 20220405154828 |
| 007 | ta |
| 008 | 150406|1991||||xxc||||| f|0| 0 fre|d |
| 022 | |a0226-4587 |
| 040 | |aCaOODSP|bfre |
| 041 | |aeng |
| 041 | |afre |
| 043 | |an-cn--- |
| 086 | 1 |aP29-157-001-1-1991 |
| 110 | 2 |aOffice des normes générales du Canada. |
| 245 | 10|aMesure de débit des liquides dans les canaux découverts: vocabulaire et symboles |
| 260 | |aOttawa - Ontario : |bOffice des normes générales du Canada |cdécembre 1991. |
| 300 | |a25, 6p. : |bfigures ; |c28 cm. |
| 490 | 1 |aNorme nationale du Canada |x0226-4587 |vCAN/CGSB-157.1-M91 |
| 546 | |aBilingue |
| 563 | |aCouverture souple |
| 590 | |a92-09|b1992-02-28 |
| 791 | |tLiquid flow measurement in open channels: vocabulary and symbols |eeng|w(CaOODSP)9.519786 |
| 830 | #0|aNorme nationale du Canada,|x0226-4587 |vCAN/CGSB-157.1-M91|w(CaOODSP)9.509559 |
| 986 | |aNorme nationale du Canada. |